[Event "Morava-ch U16"]
[White "Kostka, Vit"]
[Black "Kolacny, David"]
[Site "Kouty nad Desnou"]
[Round "2"]
[Result "1-0"]
[Date "2012.10.24"]
[WhiteElo "1836"]
[BlackElo "1448"]
[PlyCount "73"]
[EventDate "2012.10.24"]
[EventType "swiss"]
[EventRounds "9"]
[EventCountry "CZE"]
[SourceTitle "EXT 2015"]
[Source "ChessBase"]
[SourceDate "2014.11.20"]
[SourceVersion "1"]
[SourceVersionDate "2014.11.20"]
[SourceQuality "1"]

1. e4 c5 2. Nf3 e6 3. d4 cxd4 4. Nxd4 a6 5. Bd3 Qc7 6. 0-0 Be7 7. Kh1 d6 8. f4 Nd7 9. c3 b6 10. Nd2 Bb7 11. Qe2 Ngf6 12. Bc2 Bc8 13. N2f3 0-0 14. Be3 Re8 15. Rad1 Bb7 16. Bf2 Rac8 17. Nd2 Qb8 18. Rfe1 Qa8 19. Bg1 Bf8 20. a3 Kh8 21. N4b3 Nc5 22. Nxc5 dxc5 23. Nc4 Qa7 24. Ne5 Kg8 25. Nd7 Nxd7 26. Rxd7 b5 27. Red1 Qb6 28. Qh5 g6 29. Qh4 Bc6 30. R7d2 Be7 31. Qg3 Rcd8 32. f5 exf5 33. exf5 Kg7 34. fxg6 hxg6 35. Rxd8 Rxd8 36. Qe5+ f6 37. Qxe7+ 1-0